Stručně o tímové spolupráci
Definícia a podstata tímu. Charakteristické vlastnosti skutočných tímov. Ako budovať úspešný tím.
Gespeichert in:
| 1. Verfasser: | |
|---|---|
| Weitere Verfasser: | |
| Format: | Buchkapitel |
| Sprache: | Tschechisch |
| Schlagworte: | |
| Tags: |
Keine Tags, Fügen Sie das erste Tag hinzu!
|
MARC
| LEADER | 00000naa a2200000 4500 | ||
|---|---|---|---|
| 001 | r016092 | ||
| 005 | 20221213082558.9 | ||
| 041 | 0 | |a cze | |
| 044 | |a CZ | ||
| 245 | 1 | 0 | |a Stručně o tímové spolupráci |c M. Kotasová, P. Beňo |
| 520 | |a Definícia a podstata tímu. Charakteristické vlastnosti skutočných tímov. Ako budovať úspešný tím. | ||
| 610 | 2 | 0 | |a organizácia práce |
| 610 | 2 | 0 | |a práca tímová |
| 610 | 2 | 0 | |a skupiny pracovné |
| 610 | 2 | 0 | |a výber pracovníkov |
| 610 | 2 | 0 | |a zodpovednosť pracovníka |
| 610 | 2 | 0 | |a demokracia podniková |
| 610 | 2 | 0 | |a hodnotenie pracovné |
| 100 | 1 | |a Kotasová, M. | |
| 700 | 1 | |a Beňo, P. | |